Eastern Utah Libraries Catalog: Duchesne, Heber, Roosevelt, & Vernal

Chernobyl (Record no. 324332)

MARC details
000 -LEADER
fixed length control field 02096ngm a22004812i 4500
005 - DATE AND TIME OF LATEST TRANSACTION
control field 20200320223339.0
007 - PHYSICAL DESCRIPTION FIXED FIELD--GENERAL INFORMATION
fixed length control field vd cvaizk
008 - FIXED-LENGTH DATA ELEMENTS--GENERAL INFORMATION
fixed length control field 190827s2019 xxu330 e vleng d
020 ## - INTERNATIONAL STANDARD BOOK NUMBER
Terms of availability $49.99
024 1# - OTHER STANDARD IDENTIFIER
Standard number or code 883929688838
040 ## - CATALOGING SOURCE
Language of cataloging eng
Description conventions rda
Modifying agency CTMM
082 04 - DEWEY DECIMAL CLASSIFICATION NUMBER
Classification number [Fic]
Edition number 23
245 00 - TITLE STATEMENT
Title Chernobyl
Medium [videorecording].
264 #1 - Production, Publication, Distribution, Manufacture, and Copyright Notice.
Place of production, publication, distribution, manufacture [United States] :
Name of producer, publisher, distributor, manufacturer HBO,
Date of production, publication, distribution, manufacture, or copyr 2019.
264 #2 - Production, Publication, Distribution, Manufacture, and Copyright Notice.
Place of production, publication, distribution, manufacture Old Saybrook, Connecticut :
Name of producer, publisher, distributor, manufacturer www.micromarketing.org
300 ## - PHYSICAL DESCRIPTION
Extent 2 videodiscs (ca. 330 min.) :
Other physical details sd., col. ;
Dimensions 4 3/4 in.
336 ## - Content Type
Content type term two-dimensional moving image
337 ## - Media type
Media type term video
338 ## - Carrier type
Carrier type term videodisc
344 ## -
-- digital
-- optical
-- stereo
-- rda
345 ## -
-- widescreen (1.78:1)
-- 24 fps
-- rda.
346 ## -
-- NTSC
-- rda
347 ## -
-- video file
-- DVD video
-- region 1
-- rda
500 ## - GENERAL NOTE
General note Widescreen edition.
500 ## - GENERAL NOTE
General note [Typographic symbols and accents removed for systems compatibility.]
511 1# - PARTICIPANT OR PERFORMER NOTE
Participant or performer note Jessie Buckley, Jared Harris, Stellen Skarsgard.
520 ## - SUMMARY, ETC.
Summary, etc Epic five-part miniseries dramatizing the events surrounding the 1986 nuclear accident, as told through the stories of the brave men and women who made incredible sacrifices to save Europe from unimaginable disaster.
521 8# - TARGET AUDIENCE NOTE
Target audience note TV rating: TV-MA.
538 ## - SYSTEM DETAILS NOTE
System details note DVD, color, widescreen, NTSC.
546 ## - LANGUAGE NOTE
Language note English audio.
588 ## -
-- Title and description based on researched data; resource not viewed.
650 #0 - SUBJECT ADDED ENTRY--TOPICAL TERM
Topical term or geographic name as entry element Chernobyl Nuclear Accident, Chornobyl, Ukraine, 1986
Form subdivision Drama.
9 (RLIN) 6019947
650 #0 - SUBJECT ADDED ENTRY--TOPICAL TERM
Topical term or geographic name as entry element Nuclear power plants
General subdivision Accidents
Geographic subdivision Ukraine
-- Chornobyl
Form subdivision Drama.
9 (RLIN) 6019948
650 #0 - SUBJECT ADDED ENTRY--TOPICAL TERM
Topical term or geographic name as entry element Nuclear energy
General subdivision Political aspects
Form subdivision Drama.
9 (RLIN) 6019949
655 #7 - INDEX TERM--GENRE/FORM
Genre/form data or focus term Television series.
Source of term lcgft
9 (RLIN) 5674288
700 1# - ADDED ENTRY--PERSONAL NAME
Personal name Buckley, Jessie.
9 (RLIN) 5994192
700 1# - ADDED ENTRY--PERSONAL NAME
Personal name Harris, Jared.
9 (RLIN) 5703293
700 1# - ADDED ENTRY--PERSONAL NAME
Personal name Skarsgard, Stellen.
9 (RLIN) 6019950
942 ## - ADDED ENTRY ELEMENTS (KOHA)
Koha item type DVD
948 ## - LOCAL PROCESSING INFORMATION (OCLC); SERIES PART DESIGNATOR (RLIN)
Series part designator, SPT (RLIN) 02/13/2020
z (OCLC) Sirsi
949 ## - LOCAL PROCESSING INFORMATION (OCLC)
n www.MicroMarketing.org 800-229-9887
996 ## -
-- 175244
-- 34301001679507
-- DVD
-- DVD
-- wcl
-- h
-- 2
-- 29.99
-- .CIRCNOTE. 2 discs
-- Midwest Tape
-- Che
-- 02/13/2020
-- 03/17/2020
-- 03/02/2020
Holdings
Withdrawn status Lost status Source of classification or shelving scheme Materials specified (bound volume or other part) Damaged status Not for loan Collection code Home library Current library Shelving location Date acquired Source of acquisition Cost, normal purchase price Total Checkouts Total Renewals Full call number Barcode Date last seen Date checked out Cost, replacement price Price effective from Koha item type
    Dewey Decimal Classification .CIRCNOTE. 2 discs     Television Series Wasatch County Library Wasatch County Library Audio Visual Area 02/13/2020   29.99 15 15 TV Series Chernobyl 34301001679507 11/17/2025 11/10/2025 29.99 03/20/2020 DVD Series
This project was made possible through a grant from the Institute of Museum and Library Service administered by the Utah State Library Division.

Wasatch County Library

  • 465 East 1200 South, Heber City, Utah 84032
  • Phone 435-654-1511 | Fax 435-654-6456

Hours

  • Monday - Friday 9:30 AM - 8:00 PM
  • Saturday 9:30 AM - 1:30 PM
  • Closed Sundays and Holidays